| 000 | 00993nam a22002417a 4500 | ||
|---|---|---|---|
| 003 | EG-ScBUE | ||
| 005 | 20221117063122.0 | ||
| 008 | 110122s1991 ua f 00000 cara d | ||
| 017 | _a1991 / 2768 | ||
| 040 |
_aEG-ScBUE _bara _erda _cEG-ScBUE _dEG-ScBUE |
||
| 043 | _af-ua--- | ||
| 082 | 0 | 4 |
_a338.09262 _bس ل ي _222 |
| 100 | 1 |
_921478 _aسليمان، علي عبد العزيز، _eمؤلف. |
|
| 245 | 1 | 0 |
_aرواد الصناعة : _bدراسة عن رجل الصناعة المصري المعاصر : نشأأته ، تكوينه وأسلوب إدارته / _cدكتور علي عبد العزيز سليمان. |
| 250 | _aالطبعة الأولى. | ||
| 264 | 1 |
_aالقاهرة : _bعالم الكتب، _c1991. |
|
| 300 |
_a223 صفحة ؛ _c20 سم |
||
| 541 |
_aد. علي عبد العزيز سليمان ؛ _cإهداء ؛ |
||
| 650 | 7 |
_922128 _aالصناعات _zمصر _vتراجم. _2BUEsh |
|
| 653 |
_bBUSECO _cNovember2022 |
||
| 655 | _vReading book | ||
| 942 |
_2ddc _cBB |
||
| 999 |
_c14940 _d14940 |
||